[Event "Unive op"]
[Site "Hoogeveen NED"]
[Date "2014.10.16"]
[Round "7.3"]
[White "Roiz, Michael"]
[Black "Hansen, Eric"]
[Result "1-0"]
[WhiteElo "2585"]
[BlackElo "2574"]
[PlyCount "59"]
[GameId "2130307665096012"]
[EventDate "2014.10.11"]
[EventType "swiss"]
[EventRounds "9"]
[EventCountry "NED"]
[SourceTitle "The Week in Chess 1041"]
[Source "Mark Crowther"]
[SourceDate "2014.10.20"]
[SourceVersion "1"]
[SourceVersionDate "2014.10.20"]
[SourceQuality "2"]

1. Nf3 c5 2. c4 Nf6 3. g3 g6 4. b3 b6 5. Bg2 Bb7 6. Bb2 Bg7 7. O-O d6 8. Nc3 O-O 9. d4 cxd4 10. Nxd4 Bxg2 11. Kxg2 d5 12. cxd5 Nxd5 13. e3 Nxc3 14. Bxc3 Qd5+ 15. Qf3 Qxf3+ 16. Kxf3 Rc8 17. Rac1 Nd7 18. Rfd1 a6 19. Ne2 Bxc3 20. Rxd7 Bb4 21. Rb7 Bc5 22. Nf4 Rd8 23. Ke2 Rd6 24. Nd3 Rad8 25. Nxc5 Rd2+ 26. Ke1 bxc5 27. Rb8 Rxb8 28. Kxd2 Rd8+ 29. Ke2 Rd5 30. Rc4 1-0

[Event "Unive op"]
[Site "Hoogeveen NED"]
[Date "2014.10.17"]
[Round "8.6"]
[White "Hansen, Eric"]
[Black "Franco Alonso, Alejandro"]
[Result "1-0"]
[WhiteElo "2574"]
[BlackElo "2454"]
[PlyCount "83"]
[GameId "2130307665100142"]
[EventDate "2014.10.11"]
[EventType "swiss"]
[EventRounds "9"]
[EventCountry "NED"]
[SourceTitle "The Week in Chess 1041"]
[Source "Mark Crowther"]
[SourceDate "2014.10.20"]
[SourceVersion "1"]
[SourceVersionDate "2014.10.20"]
[SourceQuality "2"]

1. e4 c5 2. Nf3 e6 3. d4 cxd4 4. Nxd4 Nc6 5. Nc3 d6 6. g4 a6 7. Be3 Nge7 8. g5 b5 9. h4 Bb7 10. Nxc6 Nxc6 11. a3 Rc8 12. h5 Ne5 13. Rg1 Be7 14. Rg3 O-O 15. h6 gxh6 16. gxh6+ Kh8 17. Bd4 Bf6 18. Qd2 Rg8 19. Rxg8+ Kxg8 20. O-O-O Ng6 21. Kb1 Bg5 22. Be3 Bxe3 23. Qxe3 e5 24. Bh3 Rc4 25. Bf5 b4 26. axb4 Rxb4 27. Qc5 Rb6 28. Bxg6 hxg6 29. Qxe5 dxe5 30. Rxd8+ Kh7 31. Rb8 Kxh6 32. Nd5 Rb5 33. c4 Bxd5 34. cxb5 Bxe4+ 35. Kc1 axb5 36. Rxb5 f6 37. Kd2 Kg5 38. Ke3 Kf5 39. b4 g5 40. Rb6 g4 41. b5 Bf3 42. Rd6 1-0

[Event "Unive op"]
[Site "Hoogeveen NED"]
[Date "2014.10.18"]
[Round "9.4"]
[White "Heberla, Bartolomiej"]
[Black "Hansen, Eric"]
[Result "1/2-1/2"]
[WhiteElo "2567"]
[BlackElo "2574"]
[PlyCount "126"]
[GameId "2130307665100171"]
[EventDate "2014.10.11"]
[EventType "swiss"]
[EventRounds "9"]
[EventCountry "NED"]
[SourceTitle "The Week in Chess 1041"]
[Source "Mark Crowther"]
[SourceDate "2014.10.20"]
[SourceVersion "1"]
[SourceVersionDate "2014.10.20"]
[SourceQuality "2"]

1. e4 c5 2. Nf3 Nc6 3. g3 Nf6 4. Nc3 g6 5. d4 cxd4 6. Nxd4 d6 7. Nde2 Bg7 8. Bg2 O-O 9. O-O Be6 10. Nd5 Rc8 11. c3 Bd7 12. Bg5 Nxd5 13. exd5 Ne5 14. Nd4 h6 15. Bf4 Bg4 16. Qd2 Nc4 17. Qc1 g5 18. Be3 Nxe3 19. fxe3 Qd7 20. Qd2 Kh8 21. Be4 e6 22. Bc2 exd5 23. Qd3 f5 24. Nxf5 Bxf5 25. Rxf5 Rxf5 26. Qxf5 Qxf5 27. Bxf5 Re8 28. Kf2 Bf6 29. Rd1 Re5 30. Bg4 Bd8 31. Bf3 Bb6 32. Rd3 Kg7 33. Bxd5 Bxe3+ 34. Rxe3 Rxd5 35. Re7+ Kf6 36. Rxb7 Rd2+ 37. Ke3 Rxh2 38. a4 a5 39. Rb5 h5 40. b4 axb4 41. cxb4 Ra2 42. a5 h4 43. gxh4 gxh4 44. Rh5 h3 45. Kd4 h2 46. Kc4 Ke6 47. Kb3 Rf2 48. a6 Kd7 49. a7 Rf8 50. Ka4 Ra8 51. Kb5 Rxa7 52. Rxh2 Rb7+ 53. Ka5 Kc6 54. Rc2+ Kd5 55. b5 Ke4 56. b6 d5 57. Rc8 d4 58. Re8+ Kf3 59. Rd8 Ke3 60. Ka6 Re7 61. b7 Rxb7 62. Kxb7 d3 63. Kc6 Ke4 1/2-1/2

[Event "ISL-Tch Div 1 2014-15"]
[Site "Reykjavik ISL"]
[Date "2014.10.03"]
[Round "2.4"]
[White "Hansen, Eric"]
[Black "Hjartarson, Johann"]
[Result "0-1"]
[WhiteElo "2574"]
[BlackElo "2571"]
[PlyCount "102"]
[GameId "2130307665402032"]
[EventDate "2014.10.02"]
[EventType "team"]
[EventRounds "9"]
[EventCountry "ISL"]
[SourceTitle "10 Days #416"]
[Source "Chess Mix"]
[WhiteTeam "Skakfelagd Huginn a-sveit"]
[BlackTeam "Taflfelag Bolungarvikur"]

1. e4 e5 2. Nf3 Nc6 3. Bb5 a6 4. Ba4 Nf6 5. O-O Be7 6. d3 d6 7. c3 O-O 8. h3 b5 9. Bc2 Bb7 10. Nbd2 Re8 11. Re1 Bf8 12. a4 Ne7 13. Nb3 c5 14. Bg5 Ng6 15. axb5 axb5 16. Rxa8 Bxa8 17. Nh4 d5 18. Nxg6 hxg6 19. Nd2 Qb6 20. exd5 Nxd5 21. Nf3 Qb8 22. Bb3 Nb6 23. Nd2 Qc7 24. Qe2 Bc6 25. Ra1 Qb7 26. Qg4 Bd5 27. Bxd5 Qxd5 28. Qe4 Qd7 29. Nf3 Na4 30. Qe2 f6 31. Be3 Rd8 32. Ne1 Nb6 33. Qg4 Qxg4 34. hxg4 Nd5 35. Bd2 c4 36. dxc4 Nb6 37. Bc1 Nxc4 38. Kf1 e4 39. Ke2 Ne5 40. g5 Nd3 41. gxf6 gxf6 42. b4 Nxc1+ 43. Rxc1 Rc8 44. Rc2 f5 45. f3 Rc4 46. Kf2 Bg7 47. Kf1 Bxc3 48. fxe4 fxe4 49. g3 Bxe1 50. Rxc4 bxc4 51. Kxe1 Kf7 0-1

[Event "ISL-Tch Div 1 2014-15"]
[Site "Reykjavik ISL"]
[Date "2014.10.04"]
[Round "3.2"]
[White "Olafsson, Helgi"]
[Black "Hansen, Eric"]
[Result "1/2-1/2"]
[WhiteElo "2543"]
[BlackElo "2574"]
[PlyCount "73"]
[GameId "2130307665402050"]
[EventDate "2014.10.02"]
[EventType "team"]
[EventRounds "9"]
[EventCountry "ISL"]
[SourceTitle "10 Days #416"]
[Source "Chess Mix"]
[WhiteTeam "Taflfelag Vestmannaeyja"]
[BlackTeam "Skakfelagd Huginn a-sveit"]

1. c4 c5 2. Nf3 Nf6 3. Nc3 Nc6 4. g3 d5 5. d4 e6 6. cxd5 Nxd5 7. Bg2 cxd4 8. Nxd4 Nxc3 9. bxc3 Nxd4 10. cxd4 Bb4+ 11. Kf1 O-O 12. Bb2 Bd6 13. Bf3 Bd7 14. Kg2 Rc8 15. a4 Qa5 16. Qb3 b6 17. d5 e5 18. e4 f5 19. Rhd1 Rf7 20. Qd3 Rcf8 21. Rd2 Bc5 22. Bc3 fxe4 23. Bxe4 Rxf2+ 24. Rxf2 Rxf2+ 25. Kh1 Bb4 26. Bxe5 Kh8 27. Qe3 Rf7 28. g4 Bd2 29. Qh3 h6 30. Rf1 Rxf1+ 31. Qxf1 Qb4 32. Bc2 Be3 33. Bc3 Qf4 34. Qxf4 Bxf4 35. h3 Bd6 36. Kg2 Kg8 37. Kf3 1/2-1/2

[Event "ISL-Tch Div 1 2014-15"]
[Site "Reykjavik ISL"]
[Date "2014.10.04"]
[Round "4.5"]
[White "Hansen, Eric"]
[Black "Galego, Luis"]
[Result "1-0"]
[WhiteElo "2574"]
[BlackElo "2465"]
[PlyCount "79"]
[GameId "2130307665402091"]
[EventDate "2014.10.02"]
[EventType "team"]
[EventRounds "9"]
[EventCountry "ISL"]
[SourceTitle "10 Days #416"]
[Source "Chess Mix"]
[WhiteTeam "Skakfelagd Huginn a-sveit"]
[BlackTeam "Vikingaklubburinn"]

1. e4 c5 2. Nf3 e6 3. d4 cxd4 4. Nxd4 Nf6 5. Nc3 d6 6. g4 h6 7. h4 a6 8. Rg1 g6 9. g5 hxg5 10. hxg5 Nfd7 11. Be3 Nc6 12. Qd2 Nxd4 13. Bxd4 Rh7 14. O-O-O b5 15. a3 Bb7 16. f4 Qc7 17. Rg3 Nc5 18. Re1 Be7 19. Rh3 Rxh3 20. Bxh3 O-O-O 21. Kb1 Kb8 22. f5 e5 23. Bg1 Rh8 24. Bg2 Rh5 25. f6 Bd8 26. Bf3 Rh3 27. Qg2 Rh8 28. Rd1 Ne6 29. Qd2 Qd7 30. Bg4 Ba5 31. b4 Bc7 32. Qf2 Rh1 33. Qa7+ Kc8 34. Nd5 Bd8 35. Rc1 Qc6 36. Bb6 Rxc1+ 37. Kxc1 Bxb6 38. Nxb6+ Kc7 39. Nd5+ Kd8 40. Bxe6 1-0

[Event "Durban op"]
[Site "Durban RSA"]
[Date "2014.09.20"]
[Round "1.3"]
[White "Hansen, Eric"]
[Black "Oberholzer, Francois"]
[Result "1-0"]
[WhiteElo "2593"]
[BlackElo "1907"]
[PlyCount "64"]
[GameId "2130307665908900"]
[EventDate "2014.09.20"]
[EventType "swiss"]
[EventRounds "9"]
[EventCountry "RSA"]
[SourceTitle "10 Days #412"]
[Source "Chess Mix"]

1. e4 c5 2. Nf3 Nc6 3. Bb5 Nf6 4. Bxc6 dxc6 5. d3 Bg4 6. Nbd2 e5 7. Nc4 Nd7 8. h3 Bxf3 9. Qxf3 Qf6 10. Qxf6 gxf6 11. O-O Nb6 12. Ne3 Bh6 13. b3 Bxe3 14. Bxe3 Nd7 15. f4 a5 16. a4 Ke7 17. Rf3 Rhg8 18. Raf1 exf4 19. Rxf4 Rg6 20. Rf5 b6 21. g4 Ke6 22. Kf2 Rd8 23. Ke2 Ne5 24. Bf4 Rd7 25. g5 Rb7 26. Bxe5 fxe5 27. Rf6+ Rxf6 28. Rxf6+ Ke7 29. Rxc6 Rb8 30. h4 Kd7 31. Rh6 b5 32. axb5 Rxb5 1-0

[Event "Durban op"]
[Site "Durban RSA"]
[Date "2014.09.21"]
[Round "2.7"]
[White "Davies, Jason S"]
[Black "Hansen, Eric"]
[Result "0-1"]
[WhiteElo "2126"]
[BlackElo "2593"]
[PlyCount "116"]
[GameId "2130307665908941"]
[EventDate "2014.09.20"]
[EventType "swiss"]
[EventRounds "9"]
[EventCountry "RSA"]
[SourceTitle "10 Days #412"]
[Source "Chess Mix"]

1. d4 Nf6 2. c4 g6 3. Nc3 d5 4. e3 Bg7 5. Nf3 O-O 6. cxd5 Nxd5 7. Bc4 Nxc3 8. bxc3 c5 9. O-O Qc7 10. Qe2 Nc6 11. Ba3 b6 12. Rab1 Na5 13. Bd5 Bb7 14. Bxb7 Nxb7 15. Rfc1 Rfc8 16. h3 Qc6 17. Qa6 e6 18. Nd2 Qd7 19. Nb3 Rc7 20. Rd1 Qc8 21. dxc5 Bf8 22. c6 Rxc6 23. Nd4 Na5 24. Qxc8 Rcxc8 25. Bxf8 Kxf8 26. Nb5 Ke7 27. Rd4 Rc5 28. a4 a6 29. Nd6 e5 30. Rd2 Rc6 31. Rbd1 Ra7 32. Rd5 f6 33. f4 exf4 34. exf4 Rxc3 35. Re1+ Kf8 36. Re8+ Kg7 37. Rb8 Rc6 38. Ne8+ Kf7 39. Rd6 b5 40. axb5 axb5 41. Rxc6 Nxc6 42. Rb6 Kxe8 43. Rxc6 Rb7 44. Rxf6 b4 45. Ra6 b3 46. Ra1 Kd7 47. Kf2 Kd6 48. Ke3 Kc5 49. g4 b2 50. Rb1 Kc4 51. f5 gxf5 52. gxf5 Kc3 53. Ke4 Kc2 54. Rxb2+ Kxb2 55. f6 Kc3 56. Ke5 Kd3 57. Ke6 Ke4 58. f7 Rb8 0-1

[Event "Durban op"]
[Site "Durban RSA"]
[Date "2014.09.21"]
[Round "3.2"]
[White "Hansen, Eric"]
[Black "Erdogdu, Mert"]
[Result "1/2-1/2"]
[WhiteElo "2593"]
[BlackElo "2416"]
[PlyCount "39"]
[GameId "2130307665913071"]
[EventDate "2014.09.20"]
[EventType "swiss"]
[EventRounds "9"]
[EventCountry "RSA"]
[SourceTitle "10 Days #412"]
[Source "Chess Mix"]

1. e4 e5 2. Nf3 Nc6 3. Bb5 a6 4. Ba4 Nf6 5. O-O Be7 6. Re1 b5 7. Bb3 d6 8. c3 O-O 9. h3 Na5 10. Bc2 c5 11. d4 Qc7 12. d5 Bd7 13. Nbd2 c4 14. Nf1 Nb7 15. g4 h5 16. gxh5 Bxh3 17. N3h2 g6 18. Ng3 Kg7 19. Kh1 Rh8 20. Rg1 1/2-1/2

[Event "Durban op"]
[Site "Durban RSA"]
[Date "2014.09.22"]
[Round "4.5"]
[White "Hansen, Eric"]
[Black "Annaberdiev, Meilis"]
[Result "1-0"]
[WhiteElo "2593"]
[BlackElo "2439"]
[PlyCount "65"]
[GameId "2130307665913112"]
[EventDate "2014.09.20"]
[EventType "swiss"]
[EventRounds "9"]
[EventCountry "RSA"]
[SourceTitle "10 Days #412"]
[Source "Chess Mix"]

1. e4 e5 2. Nf3 Nc6 3. Bb5 a6 4. Ba4 Nf6 5. O-O b5 6. Bb3 Bc5 7. c3 d6 8. d4 Bb6 9. a4 Rb8 10. axb5 axb5 11. Qd3 Bd7 12. Na3 O-O 13. Nxb5 Qe8 14. Re1 exd4 15. Nbxd4 Ne5 16. Qc2 Nfg4 17. Re2 Bb5 18. Nxb5 Qxb5 19. Ba4 Nxf3+ 20. gxf3 Qh5 21. fxg4 Qxg4+ 22. Kf1 Qf3 23. Ke1 Ra8 24. Ra3 d5 25. exd5 Qh1+ 26. Kd2 Qxd5+ 27. Qd3 Qh1 28. Kc2 Rad8 29. Qe4 Qxh2 30. Bg5 Ra8 31. Be7 Rfb8 32. Bb3 Rxa3 33. Bxf7+ 1-0

[Event "Durban op"]
[Site "Durban RSA"]
[Date "2014.09.23"]
[Round "6.2"]
[White "Popilsky, Gil"]
[Black "Hansen, Eric"]
[Result "1/2-1/2"]
[WhiteElo "2493"]
[BlackElo "2593"]
[PlyCount "29"]
[GameId "2130307665917270"]
[EventDate "2014.09.20"]
[EventType "swiss"]
[EventRounds "9"]
[EventCountry "RSA"]
[SourceTitle "10 Days #412"]
[Source "Chess Mix"]

1. d4 d5 2. c4 c6 3. Nf3 Nf6 4. cxd5 cxd5 5. Nc3 Nc6 6. Bf4 Bf5 7. e3 e6 8. Bd3 Bxd3 9. Qxd3 Bd6 10. Bxd6 Qxd6 11. O-O O-O 12. Rfc1 Rfc8 13. h3 h6 14. a3 a6 15. Rc2 1/2-1/2

[Event "Durban op"]
[Site "Durban RSA"]
[Date "2014.09.25"]
[Round "7.3"]
[White "Hansen, Eric"]
[Black "Rombaldoni, Axel"]
[Result "1/2-1/2"]
[WhiteElo "2593"]
[BlackElo "2502"]
[PlyCount "49"]
[GameId "2130307665917310"]
[EventDate "2014.09.20"]
[EventType "swiss"]
[EventRounds "9"]
[EventCountry "RSA"]
[SourceTitle "10 Days #412"]
[Source "Chess Mix"]

1. e4 c5 2. Nf3 e6 3. d4 cxd4 4. Nxd4 a6 5. c4 Nf6 6. Nc3 Qc7 7. a3 b6 8. Be3 Bb7 9. f3 Be7 10. Rc1 d6 11. Be2 O-O 12. O-O Nbd7 13. Qd2 Rac8 14. b4 Qb8 15. Rfd1 Rfe8 16. Bf1 h6 17. Kh1 Ba8 18. Nb3 Ne5 19. Na4 Nfd7 20. Qf2 Bd8 21. h3 Ng6 22. Nc3 Nf6 23. Na4 Nd7 24. Nc3 Nf6 25. Na4 1/2-1/2

[Event "Durban op"]
[Site "Durban RSA"]
[Date "2014.09.26"]
[Round "8.4"]
[White "Cawdery, Daniel"]
[Black "Hansen, Eric"]
[Result "1/2-1/2"]
[WhiteElo "2432"]
[BlackElo "2593"]
[PlyCount "45"]
[GameId "2130307665917349"]
[EventDate "2014.09.20"]
[EventType "swiss"]
[EventRounds "9"]
[EventCountry "RSA"]
[SourceTitle "10 Days #412"]
[Source "Chess Mix"]

1. e4 c6 2. d4 d5 3. Nc3 dxe4 4. Nxe4 Bf5 5. Ng3 Bg6 6. h4 h6 7. Nf3 Nd7 8. h5 Bh7 9. Bd3 Bxd3 10. Qxd3 e6 11. Bd2 Ngf6 12. O-O-O Be7 13. Qe2 O-O 14. Nf1 c5 15. g4 cxd4 16. g5 Nd5 17. Rg1 Qb6 18. gxh6 Ba3 19. Rxg7+ Kh8 20. bxa3 Nc3 21. Bxc3 dxc3 22. Rh7+ Kg8 23. Rg7+ 1/2-1/2

[Event "Durban op"]
[Site "Durban RSA"]
[Date "2014.09.27"]
[Round "9.4"]
[White "Hansen, Eric"]
[Black "Solozhenkin, Evgeniy"]
[Result "0-1"]
[WhiteElo "2593"]
[BlackElo "2448"]
[PlyCount "146"]
[GameId "2130307665921484"]
[EventDate "2014.09.20"]
[EventType "swiss"]
[EventRounds "9"]
[EventCountry "RSA"]
[SourceTitle "10 Days #412"]
[Source "Chess Mix"]

1. e4 e5 2. Nf3 Nc6 3. Bb5 a6 4. Ba4 Nf6 5. O-O Be7 6. Re1 b5 7. Bb3 d6 8. c3 O-O 9. h3 Re8 10. d4 Bb7 11. a3 h6 12. Nbd2 Bf8 13. Ba2 Qd7 14. b4 a5 15. d5 Ne7 16. Nb3 axb4 17. cxb4 c6 18. dxc6 Nxc6 19. Bb2 Nd8 20. Na5 Bc8 21. Qc2 Ra7 22. Rad1 Qc7 23. Qd3 Qb8 24. Nh4 Be6 25. Bxe6 Rxe6 26. Nf5 Rc7 27. Rc1 Rxc1 28. Rxc1 Re8 29. Nc6 Qb7 30. Nxd8 Rxd8 31. Bxe5 Nxe4 32. Bb2 d5 33. Rd1 Qb6 34. Qf3 Ng5 35. Qg4 Qg6 36. Ne3 h5 37. Qf5 Qxf5 38. Nxf5 Ne6 39. Kf1 g6 40. Nd4 Bg7 41. Nc6 Rd7 42. Bxg7 Kxg7 43. Ne5 Rd6 44. g3 Kf6 45. Nf3 g5 46. Ke2 g4 47. Nd4 Rb6 48. Ke3 Ke5 49. f4+ gxf3 50. Nxf3+ Kd6 51. Rc1 Ra6 52. Rc3 Ra8 53. Nd4 Nxd4 54. Kxd4 Rg8 55. Rc5 Rg4+ 56. Ke3 Rxg3+ 57. Kf4 Rxa3 58. Rxb5 Ra1 59. Rb6+ Kc7 60. Rh6 Re1 61. b5 Re6 62. Rh7 Kb6 63. Rxf7 Kxb5 64. Rc7 d4 65. Kf3 Kb4 66. Kf2 d3 67. Rb7+ Kc3 68. Rc7+ Kd2 69. Rf7 Kc1 70. Rc7+ Kd1 71. Rd7 d2 72. Rd8 Rf6+ 73. Kg2 Rf5 0-1

[Event "Durban op"]
[Site "Durban RSA"]
[Date "2014.09.28"]
[Round "10.10"]
[White "Kromhout, Ewan"]
[Black "Hansen, Eric"]
[Result "0-1"]
[WhiteElo "2065"]
[BlackElo "2593"]
[PlyCount "120"]
[GameId "2130307665921528"]
[EventDate "2014.09.20"]
[EventType "swiss"]
[EventRounds "9"]
[EventCountry "RSA"]
[SourceTitle "10 Days #412"]
[Source "Chess Mix"]

1. d4 Nf6 2. Nf3 g6 3. Nbd2 Bg7 4. e4 d6 5. Bd3 O-O 6. O-O Nc6 7. c3 e5 8. Re1 Nd7 9. Nb3 h6 10. h3 Re8 11. a4 exd4 12. cxd4 Nb4 13. Bb1 a5 14. Bd2 b6 15. Bc3 d5 16. e5 Nf8 17. Bxb4 axb4 18. Qd2 Qe7 19. a5 bxa5 20. Nxa5 Bd7 21. Bd3 Ne6 22. Nb3 Reb8 23. Rxa8 Rxa8 24. Rc1 Bf8 25. Nc5 Nxc5 26. Rxc5 Ra1+ 27. Kh2 c6 28. Rc2 Qe8 29. Qe3 Qd8 30. Nd2 Qh4 31. Nf3 Qe7 32. Nd2 h5 33. f4 Bh6 34. Nf3 b3 35. Re2 h4 36. Ng5 Rf1 37. Nf3 Qb4 38. Rd2 Rxf3 39. gxf3 c5 40. e6 Qb8 41. Kh1 Bxf4 42. Qf2 Bxe6 43. Re2 Bg3 44. Qe3 c4 45. Bxg6 Qf4 46. Qxf4 Bxf4 47. Bb1 Bxh3 48. Re8+ Kg7 49. Re2 Kf6 50. Kg1 Bc1 51. f4 Bg4 52. Re5 Bxb2 53. Rxd5 c3 54. Rd6+ Kg7 55. Rc6 Bd1 56. d5 c2 57. Bxc2 bxc2 58. d6 c1=Q 59. Rxc1 Bxc1 60. d7 Be3+ 0-1

[Event "Durban op"]
[Site "Durban RSA"]
[Date "2014.09.29"]
[Round "11.5"]
[White "Hansen, Eric"]
[Black "Noritsyn, Nikolay"]
[Result "1-0"]
[WhiteElo "2593"]
[BlackElo "2449"]
[PlyCount "77"]
[GameId "2130307665921538"]
[EventDate "2014.09.20"]
[EventType "swiss"]
[EventRounds "9"]
[EventCountry "RSA"]
[SourceTitle "10 Days #412"]
[Source "Chess Mix"]

1. e4 c5 2. Nf3 d6 3. d4 cxd4 4. Nxd4 Nf6 5. Nc3 a6 6. Be3 e5 7. Nb3 Be6 8. h3 Nbd7 9. g4 Rc8 10. Bg2 Nb6 11. g5 Nfd7 12. h4 Be7 13. Nd5 Nxd5 14. exd5 Bf5 15. c3 h6 16. gxh6 gxh6 17. Qf3 Bh7 18. Nd2 Nc5 19. Bxc5 Rxc5 20. Bh3 b5 21. a4 Qa8 22. axb5 Rxb5 23. Nc4 Rxd5 24. Rg1 Be4 25. Qg4 Rd3 26. Qd7+ Kf8 27. Bf1 Rf3 28. Nxd6 Bxh4 29. Rg2 Bc6 30. Qg4 Re3+ 31. Kd2 Bxg2 32. Bxg2 Qd8 33. Rxa6 Rg8 34. Qf5 Qc7 35. Ra8+ Kg7 36. Rxg8+ Kxg8 37. Bd5 Rh3 38. Nxf7 Rh2 39. Ng5+ 1-0

[Event "ESP-Tch Div Honor"]
[Site "Linares ESP"]
[Date "2014.09.04"]
[Round "1.1"]
[White "Hansen, Eric"]
[Black "Spraggett, Kevin"]
[Result "0-1"]
[WhiteElo "2593"]
[BlackElo "2564"]
[PlyCount "82"]
[GameId "2130307666604039"]
[EventDate "2014.09.04"]
[EventType "team"]
[EventRounds "7"]
[EventCountry "ESP"]
[SourceTitle "The Week in Chess 1035"]
[Source "Mark Crowther"]
[SourceDate "2014.09.08"]
[SourceVersion "2"]
[SourceVersionDate "2014.09.12"]
[SourceQuality "2"]
[WhiteTeam "EQUIGOMA -  CASA SOCIAL CATOLICA"]
[BlackTeam "ESCOLA D'ESCACS DE BARCELONA"]

1. e4 d5 2. exd5 Qxd5 3. Nc3 Qd6 4. d4 g6 5. Nb5 Qb6 6. Bf4 Na6 7. Qe2 Bg7 8. O-O-O Nf6 9. Nf3 Bf5 10. Ne5 O-O 11. g4 Be6 12. c4 c6 13. Nc3 Rad8 14. Be3 Qa5 15. f4 c5 16. d5 Bxg4 17. Nxg4 Nxg4 18. Bd2 Nh6 19. Kb1 Nf5 20. Nb5 Qb6 21. Bh3 Nd4 22. Nxd4 Bxd4 23. Bc1 Qf6 24. Rhf1 b5 25. f5 g5 26. Qh5 h6 27. cxb5 Nb4 28. Bg2 Nxd5 29. Rd3 Nf4 30. Rxf4 gxf4 31. Bxf4 Be5 32. Qg4+ Kh7 33. Rxd8 Rxd8 34. Bc1 Rd4 35. Qf3 Rb4 36. Qe2 Qxf5+ 37. Ka1 Kg7 38. a3 Rh4 39. h3 Bf6 40. Be3 Qe5 41. Qf2 c4 0-1

[Event "ESP-Tch Div Honor"]
[Site "Linares ESP"]
[Date "2014.09.05"]
[Round "2.2"]
[White "Fressinet, Laurent"]
[Black "Hansen, Eric"]
[Result "1-0"]
[WhiteElo "2712"]
[BlackElo "2593"]
[PlyCount "65"]
[GameId "2130307666604066"]
[EventDate "2014.09.04"]
[EventType "team"]
[EventRounds "7"]
[EventCountry "ESP"]
[SourceTitle "The Week in Chess 1035"]
[Source "Mark Crowther"]
[SourceDate "2014.09.08"]
[SourceVersion "2"]
[SourceVersionDate "2014.09.12"]
[SourceQuality "2"]
[WhiteTeam "SESTAO NATURGAS ENERGIA"]
[BlackTeam "EQUIGOMA -  CASA SOCIAL CATOLICA"]

1. Nf3 c5 2. c4 Nf6 3. Nc3 Nc6 4. e3 e6 5. d4 d5 6. cxd5 Nxd5 7. Bc4 Nxc3 8. bxc3 Be7 9. O-O O-O 10. Bd3 b6 11. Qc2 g6 12. Rd1 Bb7 13. dxc5 Qc7 14. cxb6 axb6 15. Bb2 Bf6 16. Be2 Na5 17. Nd2 Be5 18. h3 Rfd8 19. c4 Rac8 20. Rab1 Bxb2 21. Rxb2 Rd6 22. Rdb1 Qd8 23. Qc3 Rc5 24. Bf1 Rg5 25. e4 Rc5 26. Qe3 Qc7 27. e5 Rd7 28. Rxb6 Rxe5 29. Qc3 Rf5 30. R6b5 Qf4 31. Nf3 Rxb5 32. cxb5 Bxf3 33. Qc8+ 1-0

[Event "ESP-Tch Div Honor"]
[Site "Linares ESP"]
[Date "2014.09.06"]
[Round "3.3"]
[White "Hansen, Eric"]
[Black "Van Wely, Loek"]
[Result "0-1"]
[WhiteElo "2593"]
[BlackElo "2650"]
[PlyCount "104"]
[GameId "2130307666608191"]
[EventDate "2014.09.04"]
[EventType "team"]
[EventRounds "7"]
[EventCountry "ESP"]
[SourceTitle "The Week in Chess 1035"]
[Source "Mark Crowther"]
[SourceDate "2014.09.08"]
[SourceVersion "2"]
[SourceVersionDate "2014.09.12"]
[SourceQuality "2"]
[WhiteTeam "EQUIGOMA -  CASA SOCIAL CATOLICA"]
[BlackTeam "GROS XAKE TALDEA"]

1. e4 c5 2. Nf3 e6 3. d4 cxd4 4. Nxd4 Nc6 5. Nc3 d6 6. Be2 Nf6 7. O-O Be7 8. Be3 O-O 9. Kh1 a6 10. f4 Bd7 11. Qe1 b5 12. a3 Qb8 13. b4 Nxd4 14. Bxd4 e5 15. Be3 Bc6 16. Bd3 Qb7 17. fxe5 dxe5 18. Bg5 Ne8 19. Bd2 Nd6 20. g4 Rad8 21. Qe2 h6 22. Be1 Bg5 23. Bg3 f5 24. gxf5 Nxf5 25. Bf2 Nd4 26. Qg4 Bf4 27. Qg2 Nb3 28. Rad1 Nd2 29. Rfe1 Nc4 30. Bc5 Rfe8 31. Nd5 Kh8 32. Bxc4 bxc4 33. Kg1 Qf7 34. Rf1 Rd7 35. Nc3 Re6 36. Kh1 Rg6 37. Qh3 Rg5 38. Bg1 Rxd1 39. Rxd1 Kh7 40. Rd6 Rg6 41. Rxg6 Qxg6 42. Qg2 Qh5 43. Nd5 Qd1 44. Ne7 Be8 45. Nf5 g6 46. Ne7 g5 47. Nd5 Bg6 48. a4 Kg7 49. Nc3 Qe1 50. Qf3 Qxc3 51. Qxc3 Bxe4+ 52. Qf3 Bxf3# 0-1

[Event "ESP-Tch Div Honor"]
[Site "Linares ESP"]
[Date "2014.09.07"]
[Round "4.2"]
[White "Vassallo Barroche, Mauricio"]
[Black "Hansen, Eric"]
[Result "1/2-1/2"]
[WhiteElo "2424"]
[BlackElo "2593"]
[PlyCount "102"]
[GameId "2130307666608209"]
[EventDate "2014.09.04"]
[EventType "team"]
[EventRounds "7"]
[EventCountry "ESP"]
[SourceTitle "The Week in Chess 1035"]
[Source "Mark Crowther"]
[SourceDate "2014.09.08"]
[SourceVersion "2"]
[SourceVersionDate "2014.09.12"]
[SourceQuality "2"]
[WhiteTeam "C. E.  BARBERA"]
[BlackTeam "EQUIGOMA -  CASA SOCIAL CATOLICA"]

1. Nf3 Nf6 2. g3 b6 3. Bg2 Bb7 4. c4 g6 5. b3 Bg7 6. Bb2 c5 7. O-O d6 8. Nc3 Nbd7 9. Rc1 O-O 10. d4 cxd4 11. Nxd4 Bxg2 12. Kxg2 Qc7 13. e3 a6 14. Qe2 e6 15. Rfd1 Rfd8 16. Ba1 Rac8 17. h3 Qb7+ 18. Kh2 Nc5 19. Qf1 Rc7 20. Qg2 Qc8 21. Nde2 Qb8 22. Nd4 Rdc8 23. Bb2 Ncd7 24. Nde2 b5 25. Rxd6 bxc4 26. Rxa6 Nc5 27. Ra5 Nd3 28. Rb1 Rb7 29. Ba1 h5 30. Rd1 cxb3 31. axb3 Nc5 32. Nd4 h4 33. Nc6 hxg3+ 34. fxg3 Rxc6 35. Qxc6 Nxb3 36. Rb5 Rxb5 37. Qxb5 Qxb5 38. Nxb5 Nxa1 39. Nd4 e5 40. Rxa1 exd4 41. exd4 Kf8 42. Kg2 Ne8 43. Ra4 Nd6 44. Kf3 Ke7 45. g4 g5 46. Ke3 Ke6 47. Ra6 Bf6 48. Kd3 Be7 49. Ra2 Bf6 50. Ra6 Be7 51. Ra2 Bf6 1/2-1/2

[Event "ESP-Tch Div Honor"]
[Site "Linares ESP"]
[Date "2014.09.08"]
[Round "5.4"]
[White "Hansen, Eric"]
[Black "Delchev, Aleksander"]
[Result "1/2-1/2"]
[WhiteElo "2593"]
[BlackElo "2660"]
[PlyCount "84"]
[GameId "2130307666608242"]
[EventDate "2014.09.04"]
[EventType "team"]
[EventRounds "7"]
[EventCountry "ESP"]
[SourceTitle "The Week in Chess 1035"]
[Source "Mark Crowther"]
[SourceDate "2014.09.08"]
[SourceVersion "2"]
[SourceVersionDate "2014.09.12"]
[SourceQuality "2"]
[WhiteTeam "EQUIGOMA -  CASA SOCIAL CATOLICA"]
[BlackTeam "C.A. SOLVAY"]

1. e4 e5 2. Nf3 d6 3. d4 exd4 4. Nxd4 Nf6 5. Nc3 Be7 6. g3 Nc6 7. Bg2 O-O 8. h3 Nxd4 9. Qxd4 c6 10. O-O Be6 11. Be3 Qc8 12. g4 Rd8 13. Rfd1 d5 14. exd5 Nxd5 15. Nxd5 Bxd5 16. Bxd5 Rxd5 17. Qe4 Bf6 18. c3 Re5 19. Qf3 Qe6 20. Rd2 Re8 21. Kg2 h5 22. Bf4 Re4 23. gxh5 Qc4 24. Bg3 b5 25. Qf5 Re2 26. Rad1 Rxd2 27. Rxd2 Qxa2 28. Qf3 Qc4 29. Rd6 Re6 30. Rd1 a5 31. h6 gxh6 32. Rd2 Qe4 33. Qxe4 Rxe4 34. Kf3 Rc4 35. Rd6 Kg7 36. Bf4 Bg5 37. Be5+ f6 38. b3 Rc5 39. Bd4 Rf5+ 40. Kg4 Kg6 41. Rxc6 b4 42. Kg3 Bf4+ 1/2-1/2